| 000 | 00760nam a2200277Ia 4500 | ||
|---|---|---|---|
| 003 | OSt | ||
| 005 | 20221006151857.0 | ||
| 006 | a|||||r|||| 00| 0 | ||
| 007 | ta | ||
| 008 | 221006b |||||||| |||| 00| 0 chi d | ||
| 020 | _cYu 4.75 | ||
| 024 | _a23,773 | ||
| 037 |
_bGift, _cTextual |
||
| 040 |
_aEASL _cEASL _bchi |
||
| 041 |
_2chi _achi |
||
| 082 | _aT.41, M8 | ||
| 100 |
_aHAO Ke Min Ed. _9660199 |
||
| 245 | 0 | _aZhong guo gao deng jiao yu jie gou yan jiu | |
| 260 |
_aBeijing _bRen Min Jiao Yu Press China _c1987 |
||
| 300 |
_a461p. _ccm. |
||
| 490 | _v CL | ||
| 650 |
_aCL _9642733 |
||
| 700 |
_a WANG Yong Quan Ed. _9660200 |
||
| 942 |
_hT.41, M8 _cTEXL _2CC |
||
| 999 |
_c1091859 _d1091859 |
||